| 000 | 01393nac a22003971u 4500 | ||
|---|---|---|---|
| 003 | EG-ScBUE | ||
| 005 | 20220829094129.0 | ||
| 008 | 200219t2008 njuae f 001 0 eng d | ||
| 020 | _a9780131356009 | ||
| 020 | _a0131356003 | ||
| 035 | _a(OCoLC)ocn137305895 | ||
| 035 | _a(OCoLC)137305895 | ||
| 040 |
_aEG-ScBUE _beng _erda _cEG-ScBUE _dEG-ScBUE |
||
| 041 | 0 |
_aeng _beng |
|
| 082 | 0 | 4 |
_a712.6 _bBOO _222 |
| 100 | 1 |
_aBooth, Norman K., _eauthor. _940527 |
|
| 245 | 1 | 0 |
_aResidential landscape architecture : _bdesign process for the private residence / _cNorman K. Booth, FASLA, James E. Hiss, FASLA. |
| 250 | _aFifth edition. | ||
| 264 | 1 |
_aNew Jersey : _bPearson Education, Inc., _c[2008] |
|
| 264 | 4 | _cc2008 | |
| 300 |
_axiv, 553 pages : _billustrations (some color), plans (some color) ; _c29 cm |
||
| 336 |
_2rdacontent _atext _btxt |
||
| 337 |
_2rdamedia _aunmediated _bn |
||
| 338 |
_2rdacarrier _avolume _bnc |
||
| 500 | _aIncludes index. | ||
| 546 | _aIn English; summary in English. | ||
| 650 | 7 |
_aLandscape architecture. _2BUEsh |
|
| 650 | 7 |
_aArchitecture, Domestic. _2BUEsh |
|
| 650 | 7 |
_aHomesites _xPlanning. _2BUEsh |
|
| 651 | _2BUEsh | ||
| 653 | _bENGARC | ||
| 655 |
_vReading book _934232 |
||
| 700 | 1 |
_aHiss, James E., _eauthor. |
|
| 856 | 4 | 1 |
_3Table of contents only _uhttp://www.loc.gov/catdir/toc/ecip0719/2007022179.html |
| 942 |
_cBB _k712.6 BOO _2ddc |
||
| 999 |
_c8921 _d8921 |
||